| 000 | 00699nam a2200229Ia 4500 | ||
|---|---|---|---|
| 003 | OSt | ||
| 005 | 20220217100617.0 | ||
| 008 | 210716s2003 xx 000 0 und d | ||
| 020 | _a9780073381466 | ||
| 040 | _cAIMIT LIBRARY | ||
| 041 | _aeng | ||
| 082 |
_a658.3 _211 _bIVAJ |
||
| 100 |
_aIvancevich, John M. _920475 |
||
| 245 |
_aHuman resource management : _cBy John M Ivancevich. |
||
| 250 | _a11 | ||
| 260 |
_aNew Delhi _bTata McGraw Hill Publishing Company Ltd _c2003 |
||
| 300 |
_axviii, 636p. ; _c25 cm. |
||
| 650 |
_aAcquiring human resources _920476 |
||
| 650 |
_aRewarding human resources _920477 |
||
| 650 |
_aDeveloping human resources _920478 |
||
| 942 |
_2ddc _cBK _e11th _k658.3 IVAJ |
||
| 999 |
_c209898 _d209898 |
||